LEADER 00966nam a2200241 i 4500 001 000000236429 003 CaOOAMICUS 005 20141202000000.0 008 141202s1943 it u000 u ita u 013 $a215333 040 $aSeMil$bita 100 1 $aGentile, Marino <1906-1991>.$0(OLS)http://semarc/name/39127 245 10$aUmanesimo e tecnica /$cMarino Gentile. 260 $aMilano :$bIstituto di Propaganda Libraria,$cstampa 1943. 300 $a216 p. ;$c20 cm. 490 0 $aLa Specola : problemi del tempo nostro ;$v1 500 $aContiene : Nota bibliografica. 650 4$aUmanesimo.$0(OLS)http://semarc/subject/4164 830 3$aLa specola ;$v1.$0(OLS)http://semarc/title/13150 850 $aSeMil 852 $aSeMil$W1$xVenegono$y1$m3N I 73$j186775$B186775$CSeMilBibl$Z2$F197480 $81 996 $6245$aUmanesimo e tecnica$9(OLS)http://semarc/title/336934 996 $6260$aMilano :$bIstituto di Propaganda Libraria$9(OLS)http://semarc/publisher/30855 LEADER 01990nam a2200361 i 4500 001 000000052326 003 CaOOAMICUS 005 20260309141341.0 008 131028s1995 xx u000 u fre u 020 $a2-204-01592-X 020 $a2-7621-1817-4 040 $aSeMil$bita 110 2 $aAssociation catholique des études biblique au Canada.$0(OLS)http://semarc/name/22274 245 10$a«De bien des manières» :$bla recherche biblique aux abords du 21. siècle : actes du Cinquantenaire de l'ACEBAC (1943-1993) /$cR. David ... [et al.] ; édités par Michel Gourgues et Léo Laberge ; [avant-propos par Jean-Pierre Prévost]. 264 1$aMontréal :$bFides ;$aParis :$bLes Éditions du Cerf,$c1995. 300 $a491 p. ;$c22 cm. 490 0 $aLectio Divina ;$v163 650 4$aBibbia - Atti di congressi.$0(OLS)http://semarc/subject/17280 650 4$aBibbia - Commentari, studi, critica, interpretazioni.$0(OLS)http://semarc/subject/783 650 4$aEsegesi biblica - Storia.$0(OLS)http://semarc/subject/90 700 1 $aPrévost, Jean-Pierre,$d<1947- >.$0(OLS)http://semarc/name/93634 700 1 $aGourgues, Michel,$c.$0(OLS)http://semarc/name/16904 700 1 $aLaberge, Léo,$c.$0(OLS)http://semarc/name/25851 830 0$aLectio divina ;$v163.$0(OLS)http://semarc/title/8 850 $aSeMil 852 $aSeMil$W1$xVenegono$y1$m2WA K 163$j18481$B18481$CSeMilBibl$Z2$F18482 $81 961 $aAcquisto: Casa editrice 996 $6020$a2-204-01592-X$9(OLS)http://semarc/number/93626 996 $6020$a2-7621-1817-4$9(OLS)http://semarc/number/26703 996 $6245$a«De bien des manières» :$bla recherche biblique aux abords du 21. siècle : actes du Cinquantenaire de l'ACEBAC (1943-1993)$9(OLS)http://semarc/title/80276 996 $6264$aMontréal :$bFides$9(OLS)http://semarc/publisher/33119 996 $6264$aParis :$bLes Éditions du Cerf$9(OLS)http://semarc/publisher/29611